根据城区地形地图写出青藏各地市 Qinghai/Xizang cities on urban topographic map - Statistics

General Stats
  • This quiz has been taken 13 times
  • The average score is 9 of 15
Answer Stats
Picture Answer % Correct
拉萨
100%
昌都
92%
西宁
83%
噶尔
58%
林芝
58%
玉树
58%
德令哈
58%
那曲
58%
日喀则
58%
海东
58%
共和
50%
海晏
50%
山南
50%
同仁
50%
玛沁
42%
No matching quizzes found
Score Distribution
Percent of People with Each Score
Percentile by Number Answered
Your Score History
You have not taken this quiz